Normal view
MARC view
- POWER SYSTEM MODELING.POWER SYSTEM SCRIPTING
Entry Topical Term
001 - CONTROL NUMBER
- control field: 68930
003 - CONTROL NUMBER IDENTIFIER
- control field: NUST
005 - DATE AND TIME OF LATEST TRANSACTION
- control field: 20210628204138.0
008 - FIXED-LENGTH DATA ELEMENTS
- fixed length control field: 210628|| aca||aabn | a|a d
040 ## - CATALOGING SOURCE
- Original cataloging agency: NUST
- Transcribing agency: NUST
150 ## - HEADING--TOPICAL TERM
- Topical term or geographic name entry element: POWER SYSTEM MODELING.POWER SYSTEM SCRIPTING
670 ## - SOURCE DATA FOUND
- Source citation: Work cat.: (NUST): Milano, Federico 68929, Power system modeling and scripting, 2010
